| 000 | 00698cam a22002177a 4500 | ||
|---|---|---|---|
| 020 | _a072773220X | ||
| 082 | 0 | 4 |
_a660.294541 _bINS _cN-1, P-97 |
| 100 | 1 |
_aRead, John, _944790 |
|
| 245 | 1 | 4 |
_aThe Shell Bitumen handbook _c[authors, John Read, David Whiteoak ; technical editor Robert N. Hunter]. |
| 250 | _a5th ed. | ||
| 260 |
_aLondon : _bThomas Telford, _c2003. |
||
| 500 | _aIncludes index. | ||
| 526 |
_a0 _b0 _c0 _d660_294541000000000_INS |
||
| 650 | 0 | _aBitumen | |
| 650 | 0 |
_aMCE _9379 |
|
| 700 | 1 |
_aHunter, Robert N. _944791 |
|
| 700 | 1 |
_aWhiteoak, David. _944792 |
|
| 710 | 2 |
_aShell Bitumen. _944793 |
|
| 856 | 4 | 0 | _uhttp://www.columbia.edu/cgi-bin/cul/resolve?clio9293001 |
| 942 |
_2ddc _cBK |
||
| 999 |
_c548478 _d548478 |
||